Clinical electrophysiology : (رقم التسجيلة. 31455)

تفاصيل مارك
000 -الفاتح
حقل البيانات ثابتة الطول 01664cam a22004334a 4500
001 - رقم الضبط
رقم الضبط 14882487
003 - محدد رقم الضبط
رقم الضبط OSt
005 - وقت وتاريخ اخر تعامل مع التسجيلة
رقم الضبط 20150408114144.0
008 - عناصر البيانات ثابتة الطول - معلومات عامة
حقل البيانات ثابتة الطول 070601s2008 paua b 001 0 eng
010 ## - رقم ضبط مكتبة الكونجرس
رقم ضبط مكتبة الكونجرس 2007022715
016 7# - رقم ضبط الوكاله الوطنية للضبط الببليوجرافي
رقم ضبط التسجيلة 101308241
المصدر DNLM
020 ## - الرقم الدولى المعيارى للكتب
الرقم الدولى المعيارى للكتاب 9780781744843
020 ## - الرقم الدولى المعيارى للكتب
الرقم الدولى المعيارى للكتاب 0781744849
035 ## - رقم ضبط النظام
رقم ضبط النظام (OCoLC)ocn141177550
040 ## - مصدر الفهرسة
وكالة الفهرسة الأصلية DNLM/DLC
وكالة النسخ DLC
وكالة التعديل NLM
-- BAKER
-- BTCTA
-- C#P
-- YDXCP
-- DLC
042 ## - رمز التحقق
رمز التحقق pcc
050 00 - رقم طلب مكتبة الكونجرس
رقم التصنيف RM872
رقم المادة .S68 2008
060 00 - رقم الطلب بالمكتبة الطبية الوطنية
رقم التصنيف 2007 L-712
060 10 - رقم الطلب بالمكتبة الطبية الوطنية
رقم التصنيف WB 495
رقم المادة R658c 2008
082 00 - رقم تصنيف ديوى العشرى
رقم التصنيف 615.845
رقم الطبعة 22
رقم المادة RAC
100 1# - المدخل الرئيسى - إسم شخصى
الإسم الشخصى Robinson, Andrew J.,
العنوان والكلمات الأخرى المصاحبة للاسم Ph. D.
9 (RLIN) 38245
245 10 - بيان العنوان
العنوان Clinical electrophysiology :
بقية العنوان electrotherapy and electrophysiologic testing /
بيان المسئوليه,etc Andrew J. Robinson, Lynn Snyder-Mackler.
250 ## - بيان الطبعة
بيان الطبعة 3rd ed.
260 ## - PUBLICATION, DISTRIBUTION, ETC. (IMPRINT)
مكان الناشر او الموزع Philadelphia :
اسم الناشر او الموزع Wolters Kluwer Health/Lippincott Williams & Wilkins,
تاريخ النشر أو التوزيع c2008.
300 ## - الوصف المادى
التعداد xv, 555 p. :
تفاصيل ماديه اخرى للوعاء ill. ;
أبعاد الوعاء 26 cm.
504 ## - تبصرة ببليوجرافية
تبصرة ببليوجرافية,الخ Includes bibliographical references and index.
650 #0 - المدخل الاضافى بالموضوع-مصطلح موضوعى
مصطلح موضوعي أو اسم جغرافي كعنصر مدخل Electrotherapeutics.
9 (RLIN) 38246
650 #0 - المدخل الاضافى بالموضوع-مصطلح موضوعى
مصطلح موضوعي أو اسم جغرافي كعنصر مدخل Electrodiagnosis.
9 (RLIN) 38247
650 #0 - المدخل الاضافى بالموضوع-مصطلح موضوعى
مصطلح موضوعي أو اسم جغرافي كعنصر مدخل Electrophysiology.
9 (RLIN) 14115
650 12 - المدخل الاضافى بالموضوع-مصطلح موضوعى
مصطلح موضوعي أو اسم جغرافي كعنصر مدخل Electric Stimulation Therapy.
9 (RLIN) 38248
650 22 - المدخل الاضافى بالموضوع-مصطلح موضوعى
مصطلح موضوعي أو اسم جغرافي كعنصر مدخل Electric Stimulation.
9 (RLIN) 38249
650 22 - المدخل الاضافى بالموضوع-مصطلح موضوعى
مصطلح موضوعي أو اسم جغرافي كعنصر مدخل Electrodiagnosis.
9 (RLIN) 38250
700 1# - المدخل الاضافى - اسم شخصى
الإسم الشخصى Snyder-Mackler, Lynn.
9 (RLIN) 38251
856 42 - الوصول و الموقع الالكترونى
مواد محددة Publisher description
معرف المصدر الموحد <a href="http://www.loc.gov/catdir/enhancements/fy0727/2007022715-d.html">http://www.loc.gov/catdir/enhancements/fy0727/2007022715-d.html</a>
856 41 - الوصول و الموقع الالكترونى
مواد محددة Table of contents only
معرف المصدر الموحد <a href="http://www.loc.gov/catdir/enhancements/fy0834/2007022715-t.html">http://www.loc.gov/catdir/enhancements/fy0834/2007022715-t.html</a>
906 ## - عنصر بيانات محلى F, LDF (RLIN)
a 7
b cbc
c orignew
d 1
e ecip
f 20
g y-gencatlg
942 ## - عناصر المدخل الإضافي( كوها)
مصدر التصنيف او مخطط الترفيف Dewey Decimal Classification
Koha [default] item type كتاب
المقتنيات
حالة الفقد نموذج السعر الفعال حالة تلف ليس للاعارة رقم الطلب تاريخ الاكتساب الموقع الحالي الباركود الفرع الرئيسي Date last seen نوع المادة فى نظام كوها مصدر التصنيف او خطة الترفيف Total Checkouts Date last checked out
  2013-10-26     615.845 RAC 2013-10-26 المكتبة المركزية بالمجمعة (CL) 00401984 المكتبة المركزية بالمجمعة (CL) 2013-10-26 كتاب Dewey Decimal Classification    
  2013-10-26     615.845 RAC 2013-10-26 المكتبة المركزية بالمجمعة (CL) 00401985 المكتبة المركزية بالمجمعة (CL) 2013-10-26 كتاب Dewey Decimal Classification    
  2013-10-26     615.845 RAC 2013-10-26 المكتبة المركزية بالمجمعة (CL) 00401986 المكتبة المركزية بالمجمعة (CL) 2015-05-07 كتاب Dewey Decimal Classification 1 2015-05-04
  2013-10-26     615.845 RAC 2013-10-26 مكتبة مجمع الكليات بالزلفى - طلاب (SZM) 00401987 مكتبة مجمع الكليات بالزلفى - طلاب (SZM) 2013-10-26 كتاب Dewey Decimal Classification    
  2013-10-26     615.845 RAC 2013-10-26 مكتبة مجمع الكليات بالزلفى - طلاب (SZM) 00401988 مكتبة مجمع الكليات بالزلفى - طلاب (SZM) 2013-10-26 كتاب Dewey Decimal Classification    
  2013-10-26     615.845 RAC 2013-10-26 مكتبة مجمع الكليات بالزلفى - طلاب (SZM) 00401989 مكتبة مجمع الكليات بالزلفى - طلاب (SZM) 2013-10-26 كتاب Dewey Decimal Classification